000 01950nam a22002057a 4500
005 20220210084959.0
008 220205b ||||| |||| 00| 0 eng d
020 _a9789354227653
040 _cAL
041 _aeng
082 _223
_a328.73092
_b RAJP
100 _aChidanand Rajghatta
_916971
245 _aPhenomenal woman
_bKamala Harris
260 _aUttar Pradesh
_bHarper Collins
_c2021
300 _a320p.
_bPB
_c22X14cm.
366 _2General
_aMLSH21CRB209
_b₹479.20
_c
_d₹599.00
_e20.00
_f16-12-2021
520 _a'We not only dream, we do. We not only see what has been, we see what can be. We shoot for the moon We are bold, fearless, and ambitious. We are undaunted in our belief that we shall overcome; that we will rise up.' - Kamala Harris; Inauguration night address. On 20 January 2021, Kamala Harris was sworn in as the Vice President of the United States of America, making her the first person of Indian descent, and the first woman to reach this position. This was hardly surprising, for Kamala - the daughter of a breast-cancer scientist Indian mother and a Stanford University emeritus professor of economics Jamaican father - has been known to blaze a trail for herself in her chosen fields. Fun 'momala' and aunt at home but hard-nosed, unsparing prosecutor and senator elsewhere, Kamala dons many hats. This biography focuses on the micro-histories that shaped Kamala Harris and celebrates her Asian and Jamaican heritage - with special attention to her India connect - and her barrier-shattering ascent as a woman of colour coming to occupy one of the highest offices in the USA. Chidanand Rajghatta's masterful chronicling of Kamala's life - her rise to candidature, the struggles and triumph in a messy, hard-won election despite coming from a 'non-traditional' background - delivers an inspirational story of a phenomenal woman.
651 _2Political Science
_aLegislative process
_918849
942 _2ddc
_cBK
999 _c221425
_d221425